| 000 | 00732 a2200205 4500 | ||
|---|---|---|---|
| 010 | _aENG-89534 | ||
| 020 |
_a8172149840 _c150.00 |
||
| 035 | _aEN-73067 | ||
| 037 | _bDBAD / PUB | ||
| 082 | 1 | 4 | _a320.5315 |
| 090 |
_c11108 _d11108 |
||
| 100 | 1 | _aBoas, Mervin Shinoj | |
| 245 | 1 |
_aEncounter between marxian philosophy and theology of humanisation in India/ _cby Mervin Shinoj Boas |
|
| 260 |
_aDelhi _bISPCK _c2007 |
||
| 270 |
_aPost Box 1585, 1654 Madarsa Road, Kashmere Gate _bDelhi _e110 006 |
||
| 300 |
_axxvi, 152p. _c22cm (Pbk) |
||
| 500 | _aIncludes bibliographical references | ||
| 942 |
_adpl _cEN _k320.5315/ BOA |
||
| 999 |
_c10803 _d10803 |
||